La penetración imperialista en la investigación en la Universidad de Costa Rica

שמור ב:
מידע ביבליוגרפי
מחבר ראשי: Coronado M, Emilia
פורמט: Texto
יצא לאור: San José :
תגים: הוספת תג
אין תגיות, היה/י הראשונ/ה לתייג את הרשומה!

MARC

LEADER 00000 a a2200000 04500
001 14767
003
040
090 |a 022300  
100 |a Coronado M, Emilia  
245 |a La penetración imperialista en la investigación en la Universidad de Costa Rica  
260 |a San José :  
300 |a 6 p.  
999 |c 14826  |d 14826